000
00278nam a22001097a 4500
008
170113b xxu||||| |||| 00| 0 eng d
020
_a
9781111543273
041
_a
eng
080
_2
7TH
_a
618.2
245
_a
MEDICAL TERMINOLOGY FOR HEALTH PROFESSIONS
_c
EHRLICH, A
942
_2
udc
_c
BK
999
_c
2889
_d
2889